000 00309nam a22001337a 4500
008 160521b xxu||||| |||| 00| 0 eng d
020 _a9780321605306
020 _a9780321605306
020 _a0321605306
041 _aeng
080 _a579
245 _aBiological science:
_cScott freeman;
942 _2udc
_cBK
999 _c2342
_d2342